Desigualdades de género y brechas estructurales en América Latina /

Furkejuvvon:
Bibliográfalaš dieđut
Váldodahkki: Bidegain Ponte, Nicole
Materiálatiipa: Girji
Giella:Spanish
Fáddágilkorat: Lasit fáddágilkoriid
Eai fáddágilkorat, Lasit vuosttaš fáddágilkora!

MARC

LEADER 00000nam a22000007a 4500
003 cru CIDCACS/IIS
005 20170719114648.0
007 ta
008 170719s2016 ag ||||| |||| 00| 0 spa d
999 |c 19452  |d 19452 
040 |c cru CIDCACS/IIS 
100 1 |9 4992  |a Bidegain Ponte, Nicole 
245 1 |a Desigualdades de género y brechas estructurales en América Latina /  |c Nicole Bidegain Ponte 
300 |a páginas 50-57 
773 0 |0 19022  |9 1034  |a Fundación Friedrich Ebert  |d Fundación Friedrich Ebert; Nueva Sociedad  |o 19050  |t Nueva Sociedad / 
942 |2 ddc  |c PP